| 000 | 01511nam a2200361 a 4500 | ||
|---|---|---|---|
| 003 | BLK | ||
| 005 | 20230728005204.0 | ||
| 008 | 180409b bul|||||r ||||||| ||bul|| | ||
| 040 | _aBLK | ||
| 041 |
_aBUL _cBUL |
||
| 072 | 7 |
_2bullib _aК _xКраезнание |
|
| 080 |
_aБългарска литература _b821.163.2 _x(081.1) _z821.163.2(081.1) |
||
| 080 |
_aБългарска литература _b821.163.2 _x-4 _z821.163.2-4 |
||
| 100 |
_aСтоянов, Захарий _gСтоянов, Захари _d1850-1889 _qДжедев, Джендо Стоянов _9364101 |
||
| 245 | 1 | 0 |
_aСъчинения _bВ 3 т. _cЗахари Стоянов ; с предг. от на том Георги Боршуков. _nТ. 3 _pПублицистика |
| 250 | _a2. изд. | ||
| 257 | _aBGR | ||
| 260 |
_bБълг. писател _c1983 - _aСофия |
||
| 300 |
_a751 с., 8 л. : ил., портр., факс. _c22 см |
||
| 380 | _aX | ||
| 500 | _a1. изд. 1966. - Съдържа и Речник на непознати думи и изрази. - Подв. | ||
| 651 | 4 |
_aБългария _9241624 |
|
| 659 | _aК | ||
| 700 |
_aБоршуков, Георги Енев _9378105 |
||
| 852 | _aЦб 123476 | ||
| 852 | _aК 821.163.2/С 83-З | ||
| 856 | 4 | _qpdf | |
| 856 | 4 | _qpdf | |
| 942 |
_cKNG _n0 _01 _s1 |
||
| 944 |
_aCR _c07.03.2013 _lCRON CRON _k |
||
| 944 |
_aED _c2023-0724 _kГГГ |
||
| 999 |
_c134557 _d134557 |
||